000 00298nam a22001337a 4500
003 SGT
082 _a617.4130
_bV14K
100 _aKAUFMAN,JOHN A
245 _aVASCULAR AND INTERRENTIONAL RADIOLOGY
250 _a2ND
260 _aPHILADELPHIA
_bELSEVIER
_c2014
300 _a597
942 _2ddc
_cBK
999 _c14314
_d14314